Coilbook Animal Alphabet - Statistics

General Stats
  • This quiz has been taken 9 times
  • The average score is 23 of 26
Answer Stats
Picture Hint Answer % Correct
A Alligator
100%
B Bear
100%
C Cheetah
100%
D Dolphin
100%
E Elephant
100%
F Flamingo
100%
G Gorilla
100%
H Hyena
100%
J Jaguar
100%
K Kangaroo
100%
L Lion
100%
O Ostrich
100%
S Swan
100%
T Tiger
100%
W Wolf
100%
Y Yak
100%
Z Zebra
100%
I Iguana
88%
P Peacock
88%
Q Quail
88%
M Monkey
75%
R Rhinoceros
75%
V Vulture
75%
U Urchin
63%
N Newt
50%
X X-Ray Fish
13%
No matching quizzes found
Score Distribution
Percent of People with Each Score
Percentile by Number Answered
Your Score History
You have not taken this quiz